|
|
|
|
| LEADER |
00000nab a2200000 ar4500 |
| 001 |
vtls008872504 |
| 003 |
SK-MaSNL |
| 005 |
20260426102217.0 |
| 008 |
060925c20060920xo |||||||| 000 b|hun |
| 015 |
|
|
|a SNBRB2006/09
|2 snkbucl
|
| 038 |
|
|
|a SNKBUCL
|
| 040 |
|
|
|a DSZK
|b slo
|c DSZK
|e AACR2
|
| 041 |
0 |
|
|a hun
|
| 044 |
|
|
|a xo
|c SK
|
| 080 |
|
|
|a 502.4
|x (437.6)
|2 1997
|
| 080 |
|
|
|a 502.63
|x (437.6)
|2 1997
|
| 100 |
1 |
|
|a Krasznica, Melitta V.
|4 aut
|9 844987
|
| 245 |
1 |
0 |
|a Egyedülálló tervezet a gazdag nagyléli sziget megmentésére
|b a Pozsonyi Regionális Természetvédelmi Társulás huszonöt évre bérbe vehette a 250 hektárnyi területet
|c V. Krasznica Melitta
|
| 300 |
|
|
|b Fotogr.
|
| 650 |
0 |
7 |
|a príroda
|2 snkbucl
|9 3813
|
| 650 |
0 |
7 |
|a ochrana prírody
|2 snkbucl
|9 3778
|
| 651 |
|
7 |
|a Veľký Lél (Slovensko : chránená krajinná oblasť)
|2 snkbucl
|9 1587212
|
| 773 |
0 |
|
|t Új szó
|g Évf. 59, sz. 216 (20.9.2006), o. 5
|
| 852 |
|
|
|a SNK
|b KIS3GCP
|
| 852 |
|
|
|a DSZK
|b KIS3GCP
|
| 958 |
|
|
|a HU
|
| 958 |
|
|
|a SK
|
| 999 |
|
|
|c 3252421
|d 3254351
|